000 00646nam a22002177a 4500
003 UA-OsUOA
001 129840
007 ta
008 20180326b un ||||| |||| 00| 0 ukr d
100 _aКульчицький С.
090 _a94(477)
_bК90
942 _cSA
040 _aUA-OsUOA
_bukr
_cUA-OsUOA
_dUA-OsUOA
245 _aЗасадниче питання без емоцій. Чи була радянська влада в Україні окупаційною?
300 _aС.20
955 _a0
041 _aukr
080 _a94(477)
773 0 _w129838
650 7 _a9 Географія. Біографії. Історія
_2UDC
999 _c418063
_d418063